000 00375nam a22001457a 4500
020 _a978-1-4063-3703-7
082 _a158
_bGRU/H
100 _aGRUNFIELD, NINA
245 _aHOW TO GET WHAT YOU WANT
260 _aLONDON
_bWALKER BOOKS
_c2011
300 _a159
520 _aFRIENDS, CONFIDENCE, HAPPINESS, LOVE , SUCCESS
650 _aPHSYCOLOGY
_zUNITED KINGDOM
942 _cBK
999 _c5585
_d5585